000 00600nam a22001937a 4500
005 20240807111215.0
010 _aENG-141264
020 _a9788195375233
_c299.00
035 _aEN-124796
037 _bDBAD
082 _a181.45
100 _aBhuyan Chaturbhuja
_969659
245 _aYoga For Holistic Life:
_cBy Chaturbhuja Bhuyan
250 _a2
260 _aBhubaneshwar
_bMaruti Printech Industry
_c2022
270 _aRadhakrushna kunja, 156/ Ananta Viahr, Phase 2 Pokhariput ,
_bOdisha
_k9437003344
_e751020
300 _a283p.
_c22cm(pbk)
942 _2ddc
_cEN
_h181.45
_mBHU
999 _c204917
_d204917